00606cam a2200181 4500001000500000005001700005008003900022010001700061020002200078100002800100245008500128250002300213260003800236300003600274504005100310651004400361700001900405303520181127170349.0010129s2001 nyua b 001 0 eng a 2001029102 a0321086724 (pbk.)1 aO'Connor, Karen,d1952-10aAmerican government :bcontinuity and change /cKaren O'Connor, Larry J. Sabato. a1999 alternate ed. aBoston :bAllyn and Bacon,c1999. axxiii, 856 p. :bill. ;c28 cm. aIncludes bibliographical references and index. 0aUnited StatesxPolitics and government.1 aSabato, Larry.